Conceptual foundations of occupational therapy practice / (رقم التسجيلة. 31461)
[ عرض عادي ]
| 000 -الفاتح | |
|---|---|
| حقل البيانات ثابتة الطول | 01206cam a2200337 a 4500 |
| 001 - رقم الضبط | |
| رقم الضبط | 15525603 |
| 003 - محدد رقم الضبط | |
| رقم الضبط | OSt |
| 005 - وقت وتاريخ اخر تعامل مع التسجيلة | |
| رقم الضبط | 20150408114144.0 |
| 008 - عناصر البيانات ثابتة الطول - معلومات عامة | |
| حقل البيانات ثابتة الطول | 081117s2009 paua b 000 0 eng |
| 010 ## - رقم ضبط مكتبة الكونجرس | |
| رقم ضبط مكتبة الكونجرس | 2008050043 |
| 020 ## - الرقم الدولى المعيارى للكتب | |
| الرقم الدولى المعيارى للكتاب | 9780803620704 |
| 020 ## - الرقم الدولى المعيارى للكتب | |
| الرقم الدولى المعيارى للكتاب | 0803620705 |
| 035 ## - رقم ضبط النظام | |
| رقم ضبط النظام | (DNLM)101489258 |
| 040 ## - مصدر الفهرسة | |
| وكالة الفهرسة الأصلية | DNLM/DLC |
| وكالة النسخ | DLC |
| وكالة التعديل | DLC |
| 042 ## - رمز التحقق | |
| رمز التحقق | pcc |
| 050 00 - رقم طلب مكتبة الكونجرس | |
| رقم التصنيف | RM735 |
| رقم المادة | .K54 2009 |
| 082 00 - رقم تصنيف ديوى العشرى | |
| رقم التصنيف | 615.8/515 |
| رقم الطبعة | 22 |
| رقم المادة | KGC |
| 100 1# - المدخل الرئيسى - إسم شخصى | |
| الإسم الشخصى | Kielhofner, Gary, |
| التواريخ المصاحبة للاسم | 1949- |
| 9 (RLIN) | 38270 |
| 245 10 - بيان العنوان | |
| العنوان | Conceptual foundations of occupational therapy practice / |
| بيان المسئوليه,etc | Gary Kielhofner. |
| 250 ## - بيان الطبعة | |
| بيان الطبعة | 4th ed. |
| 260 ## - PUBLICATION, DISTRIBUTION, ETC. (IMPRINT) | |
| مكان الناشر او الموزع | Philadelphia : |
| اسم الناشر او الموزع | F.A. Davis Co., |
| تاريخ النشر أو التوزيع | c2009. |
| 300 ## - الوصف المادى | |
| التعداد | xiv, 315 p. : |
| تفاصيل ماديه اخرى للوعاء | ill. ; |
| أبعاد الوعاء | 27 cm. |
| 500 ## - تبصرة عامة | |
| تبصرة عامة | Rev. ed. of: Conceptual foundations of occupational therapy. 3rd. ed. c2004. |
| 504 ## - تبصرة ببليوجرافية | |
| تبصرة ببليوجرافية,الخ | Includes bibliographical references. |
| 650 #0 - المدخل الاضافى بالموضوع-مصطلح موضوعى | |
| مصطلح موضوعي أو اسم جغرافي كعنصر مدخل | Occupational therapy. |
| 650 12 - المدخل الاضافى بالموضوع-مصطلح موضوعى | |
| مصطلح موضوعي أو اسم جغرافي كعنصر مدخل | Occupational Therapy. |
| 700 1# - المدخل الاضافى - اسم شخصى | |
| الإسم الشخصى | Kielhofner, Gary, |
| التواريخ المصاحبة للاسم | 1949- |
| عنوان العمل | Conceptual foundations of occupational therapy. |
| 9 (RLIN) | 38271 |
| 906 ## - عنصر بيانات محلى F, LDF (RLIN) | |
| a | 7 |
| b | cbc |
| c | orignew |
| d | 1 |
| e | ecip |
| f | 20 |
| g | y-gencatlg |
| 942 ## - عناصر المدخل الإضافي( كوها) | |
| مصدر التصنيف او مخطط الترفيف | Dewey Decimal Classification |
| Koha [default] item type | كتاب |
| حالة الفقد | نموذج السعر الفعال | حالة تلف | ليس للاعارة | رقم الطلب | تاريخ الاكتساب | الموقع الحالي | الباركود | الفرع الرئيسي | Date last seen | نوع المادة فى نظام كوها | مصدر التصنيف او خطة الترفيف | Total Checkouts |
|---|---|---|---|---|---|---|---|---|---|---|---|---|
| 2013-10-26 | 615.8/515 KGC | 2013-10-26 | المكتبة المركزية بالمجمعة (CL) | 00402042 | المكتبة المركزية بالمجمعة (CL) | 2013-10-26 | كتاب | Dewey Decimal Classification | ||||
| 2013-10-26 | 615.8/515 KGC | 2013-10-26 | المكتبة المركزية بالمجمعة (CL) | 00402043 | المكتبة المركزية بالمجمعة (CL) | 2013-10-26 | كتاب | Dewey Decimal Classification | ||||
| 2013-10-26 | 615.8/515 KGC | 2013-10-26 | المكتبة المركزية بالمجمعة (CL) | 00402044 | المكتبة المركزية بالمجمعة (CL) | 2013-10-26 | كتاب | Dewey Decimal Classification | ||||
| 2013-10-26 | 615.8/515 KGC | 2013-10-26 | مكتبة كلية العلوم الطبية التطبيقية بالمجمعة - طالبات (AMF) | 00402045 | مكتبة كلية العلوم الطبية التطبيقية بالمجمعة - طالبات (AMF) | 2013-10-26 | كتاب | Dewey Decimal Classification | ||||
| 2013-10-26 | 615.8/515 KGC | 2013-10-26 | مكتبة كلية العلوم الطبية التطبيقية بالمجمعة - طالبات (AMF) | 00402046 | مكتبة كلية العلوم الطبية التطبيقية بالمجمعة - طالبات (AMF) | 2013-10-26 | كتاب | Dewey Decimal Classification | ||||
| 2013-10-26 | 615.8/515 KGC | 2013-10-26 | مكتبة كلية العلوم الطبية التطبيقية بالمجمعة - طالبات (AMF) | 00402047 | مكتبة كلية العلوم الطبية التطبيقية بالمجمعة - طالبات (AMF) | 2013-10-26 | كتاب | Dewey Decimal Classification |
